000 02284nam0a2200397 4500
001 RU\NLR\BIBL_A\011454316
005 20241103091426.0
021 _aRU
_b2017-54003
_93847
035 _a(RuMoRGB)008945479
035 _a(NLR Aleph) 011454316
090 _a11769784
_c11769784
100 _a20170814d2017 k y0rusy50 ca
101 0 _arus
102 _aRU
105 _aa z 100zy
200 1 _aПсихология и педагогика: современные методики и инновации, опыт практического применения
_eсборник материалов международной научно-практической конференции № XVI, Российская Федерация, г. Липецк, 31 мая 2017 г.
_f[отв. ред. Е. М. Мосолова]
210 _aЛипецк
_cРаДуши
_d2017
215 _a104 с.
_cил.
_d21
300 _aЗагл. обл. также на англ. яз.: Psychology and pedagogy: modern techniques and innovations, their practical experience
300 _aВ надзаг.: Научно-исследовательский центр "Аксиома"
300 _aНа обороте тит. л.: ISSN 2409-9015
320 _aБиблиогр. в конце ст.
512 1 _aPsychology and pedagogy: modern techniques and innovations, their practical experience
606 _aПедагогика
_jСъезды, совещания и т.п
_9921924
_3RU\NLR\AUTH\6619222
606 _aПсихология
_jСъезды, совещания и т.п
_9931820
_3RU\NLR\AUTH\6624683
686 _aЮ9я431(0)
_2rubbk
686 _aЧ30я431(0)
_2rubbk
686 1 _aЮ9я431
686 1 _aЧ30я431
702 1 _aМосолова
_bЕ. М.
_gЕлена Михайловна
_4340
711 1 2 _a"Психология и педагогика: современные методики и инновации, опыт практического применения", международная научно-практическая конференция
_d16
_eЛипецк
_f2017
_9549594
_3RU\NLR\AUTH\880442814
942 _cBOOK
980 _aNBR